000 00807nam a22002777a 4500
001 000770
003 DO-SdBNP
005 20171128104108.0
007 000770
008 161129b 1994 sp a ||||| |||| 00| 0 spa d
020 _a05902937293723
020 _a9780590293723
040 _aBPMSU
_bspa
_cBPMSU
082 _axxxx
_bxxxx
100 1 _a Ada, Alma Flor,
_d1938-
240 1 _aIn the barrio
245 1 0 _aEn el barrio /
_cescrito por Alma Flor Ada ; ilustrado por Liliana Wilson Grez..
260 _aNew York :
_bScholastic,
_c1994.
300 _a16 p. :
_bil. ;
_c24 cm.
490 1 _aBeginning literacy.
700 1 2 _aGrez, Liliana Wilson,
_eil.
830 0 _aBeginning literacy.
910 _aInventariado 2017
942 _2ddc
_cBK
956 _2LOPEREZ
_310
_620161130
_8BPMSU
_a00041
999 _c12177
_d12177